000 00512nam a22001817a 4500
003 OSt
005 20210314135051.0
008 201023b ||||| |||| 00| 0 eng d
040 _cOCLC
082 _aT-254
100 _aShams ul Haq
_951755
245 _aCommunity vulnerability assessment of tehsil Behrain district swat (Post Flood Vulnerability assessment)
260 _aRisalpur,
_bMCE,
_c2019.
300 _a68p.
526 _a0
_b0
_c0
_dT_254
650 _aDisaster Management
942 _2ddc
_cBK
_2ddc
999 _c554313
_d554313